00728nam a2200193Ia 4500003000900000008004100009020001800050040001600068080002200084245016000106260003700266300001700303650001800320650004100338700003200379942000700411999001700418952009900435IN-BaIIA211028s9999 xx 000 0 eng d a0-7923-3554-6 cIIA Library a082.2:52bIAU-H10 0aHighlights of astronomy, vol.10, as presented at the XXIInd genral assembly of the IAU, 1994cedited by I. Appenzeller  aDordrechtbKluwer Academicc1995 axxiii, 706p. aAstronomy980 aAstronomy and Astrophysics Thesaurus aAppenzeller, I., ed.911898 cBK c11509d11509 00104070aBANbBANcGENd1995-10-11l0o082.2:52/ IAU-H10p12424r2021-11-05w1995-10-11yBK